|
|
|
|
| LEADER |
00000nam0a2200000 4500 |
| 001 |
224866 |
| 005 |
20231101230625.0 |
| 010 |
|
|
|a 9785397035293
|
| 035 |
|
|
|a (RuTPU)RU\TPU\book\245185
|
| 090 |
|
|
|a 224866
|
| 100 |
|
|
|a 20121031d2013 m y0rusy50 ca
|
| 101 |
0 |
|
|a rus
|
| 102 |
|
|
|a RU
|
| 105 |
|
|
|a a j 001zy
|
| 200 |
1 |
|
|a Введение в динамику глубокого бурения
|e [курс лекций]
|f Е. К. Юнин
|
| 205 |
|
|
|a 2-е изд.
|
| 210 |
|
|
|a Москва
|c Либроком
|d 2013
|
| 215 |
|
|
|a 167 с.
|c ил.
|
| 320 |
|
|
|a Библиогр.: с. 165-166.
|
| 330 |
|
|
|a На базе фундаментальных представлений теории механических систем с распределенными параметрами рассмотрен ряд проблем, связанных с влиянием новых процессов, протекающих в бурильной-колонне, на эффективность углубуглубления забоя при проводке глубоких скважин. Разрушение горной породы рассмотрено с позиций тесного взаимовлияния забоя, породоразрушающего инструмента и бурильной колонны. Рассмотрены проблемы, возникающие при использовании зависимостей углубления забоя от режимных параметров в целях прогнозирования и оптимизации процесса бурения. Представлены математические модели, описывающие поведение бурильной колонны при бурении вертикальных и наклонно-направленных скважин. Данная книга, представляющая собой курс лекций, в первую очередь предназначена тем, кто решил посвятить себя научно-исследовательской работе: студентам и аспирантам, а также преподавателям, инженерно-техническим работникам и всем, кто интересуется задачами механики бурения глубоких скважин.
|
| 606 |
1 |
|
|a Бурильные инструменты
|x Колебания
|2 stltpush
|3 (RuTPU)RU\TPU\subj\30439
|9 53547
|
| 610 |
1 |
|
|a глубокое бурение
|
| 610 |
1 |
|
|a стержни
|
| 610 |
1 |
|
|a механика
|
| 610 |
1 |
|
|a бурильная колонна
|
| 610 |
1 |
|
|a вращательное движение
|
| 610 |
1 |
|
|a динамика
|
| 610 |
1 |
|
|a математические модели
|
| 610 |
1 |
|
|a наклонно-направленное бурение
|
| 610 |
1 |
|
|a волновые возмущения
|
| 610 |
1 |
|
|a распространение
|
| 610 |
1 |
|
|a лекции
|
| 610 |
1 |
|
|a учебные пособия
|
| 675 |
|
|
|a 622.24.05(075.8)
|v 3
|
| 700 |
|
1 |
|a Юнин
|b Е. К.
|g Евгений Константинович
|
| 801 |
|
1 |
|a RU
|b 63413507
|c 20121031
|
| 801 |
|
2 |
|a RU
|b 63413507
|c 20150619
|g RCR
|
| 900 |
|
|
|a Бурение нефтяных и газовых скважин
|
| 942 |
|
|
|c BK
|
| 959 |
|
|
|a 141/20121031
|d 2
|e 219,00
|f ЧЗТЛ:1
|f АНЛ:1
|